[Event "1st Qinhuangdao Open"]
[Site "Qinhuangdao CHN"]
[Date "2011.10.04"]
[Round "6"]
[White "Tan, Zhongyi"]
[Black "Wang, Yiye"]
[Result "1-0"]
[WhiteTitle "WGM"]
[WhiteElo "2429"]
[BlackElo "2273"]
[WhiteFideId "8603642"]
[BlackFideId "8606021"]
[EventDate "2011.10.01"]

1. d4 Nf6 2. c4 c5 3. d5 b5 4. cxb5 a6 5. b6 d6 6. Nc3 Nbd7 7. e4 g6 8. Nf3 Bg7
9. a4 a5 10. Bb5 O-O 11. O-O Nxb6 12. h3 Ne8 13. Re1 Nc7 14. Rf1 Ne8 15. Re1 Nc7
16. Bc6 Rb8 17. Nb5 Bd7 18. e5 dxe5 19. Bg5 Ncxd5 20. Bxd5 Bxb5 21. Bxf7+ Kxf7
22. Qxd8 Rfxd8 23. axb5 h6 24. Bd2 Nc4 25. Bxa5 Rd5 26. Bc3 Rxb5 27. Re2 Rb3 28.
Ra7 Bf6 29. Ra1 Bg7 30. Ra7 Bf6 31. Kh2 Ke6 32. Ra4 Nd6 33. Nxe5 Bxe5+ 34. f4
Nb5 35. Bxe5 Kf7 36. Ra8 Nd4 37. Rf2 Nc6 38. Rh8 h5 39. Rh7+ Ke6 40. Bc3 Nd4 41.
Rf1 Kd7 42. Re1 Ne6 43. Re4 Rb8 44. Re1 Rb3 45. Re4 Rb8 46. Bf6 Re8 47. Ra4 Nf8
48. Rg7 Ne6 49. Ra7+ Kc6 50. Ra6+ Kd7 51. Rh7 Rb8 52. Bc3 Re8 53. Bf6 Nf8 54.
Ra4 Ne6 55. Rg7 Kc6 56. Ra6+ Kd7 57. Rh7 Nc7 58. Ra7 Ke6 59. Ra4 Kd7 60. Rg7 Ne6
61. Ra7+ Kc6 62. Ra6+ Kd7 63. Rh7 Nc7 64. Ra7 Ke6 65. Be5 Nb5 66. Ra1 Nd6 67.
Re1 Kd7 68. Rg7 Nc4 69. Bf6 Kc6 70. Rxg6 Rd6 71. f5 Kd7 72. Bc3 Rf8 1-0

[Event "1st Qinhuangdao Open"]
[Site "Qinhuangdao CHN"]
[Date "2011.10.04"]
[Round "6"]
[White "Zhang, Xiaowen"]
[Black "Hoang, Thi Bao Tram"]
[Result "0-1"]
[WhiteTitle "WGM"]
[BlackTitle "WGM"]
[WhiteElo "2387"]
[BlackElo "2331"]
[WhiteFideId "8603219"]
[BlackFideId "12401102"]
[EventDate "2011.10.01"]

1. e4 c6 2. d4 d5 3. Nd2 dxe4 4. Nxe4 Bf5 5. Ng3 Bg6 6. Nf3 Nd7 7. Bd3 e6 8. O-O
Ngf6 9. b3 Be7 10. Bb2 O-O 11. Re1 a5 12. a3 Re8 13. Bxg6 hxg6 14. Qd2 Qc7 15.
c4 c5 16. dxc5 Nxc5 17. Qc3 Bf8 18. Ng5 Red8 19. Re3 Qf4 20. Nh3 Qd6 21. Ng5 Ng4
22. N5e4 Qc7 23. Nxc5 Nxe3 24. Nce4 Ng4 25. Nc5 Ne3 26. Nxe6 Qc6 27. Qxe3 Qxe6
28. Qf3 Rd7 29. Bc3 a4 30. Re1 Qc6 31. Ra1 Qe6 32. Re1 Qc6 33. Qxc6 bxc6 34. b4
Rd3 35. Bb2 Rad8 36. Kf1 Rd2 37. Bc1 Rc2 38. c5 Rd3 39. Ne2 Be7 40. Nf4 Rd7 41.
g3 Bf6 42. h4 Kf8 43. Ne2 Ra2 44. Bf4 Rxa3 45. b5 cxb5 46. c6 Rd8 47. c7 Rc8 48.
Bd6+ Be7 49. Bxa3 Bxa3 50. Nd4 Rxc7 51. Nxb5 Bb4 52. Rb1 Rc4 53. Ke2 Bc5 54. Ra1
Rb4 55. Nc7 Bd4 56. Ra3 Bb2 57. Re3 Rb8 58. Na6 Rb7 59. Nc5 Ra7 60. Nxa4 Rxa4
61. f3 Bd4 62. Rb3 Ra2+ 63. Kd3 Be5 64. f4 Bd6 65. Ke4 Ke7 66. Rb7+ Ke6 67. Rb6
Ra3 68. g4 f5+ 69. gxf5+ gxf5+ 70. Kd4 Ra4+ 71. Ke3 Re4+ 0-1

[Event "1st Qinhuangdao Open"]
[Site "Qinhuangdao CHN"]
[Date "2011.10.04"]
[Round "6"]
[White "Ganguly, Surya Shekhar"]
[Black "Li, Bo"]
[Result "1-0"]
[WhiteTitle "GM"]
[WhiteElo "2631"]
[BlackElo "2308"]
[WhiteFideId "5002150"]
[BlackFideId "8602786"]
[EventDate "2011.10.01"]

1. d4 Nf6 2. c4 e6 3. g3 d5 4. Nf3 Bb4+ 5. Bd2 Bxd2+ 6. Qxd2 O-O 7. Bg2 dxc4 8.
Na3 c5 9. dxc5 Na6 10. c6 bxc6 11. Nxc4 Rb8 12. O-O Qxd2 13. Nfxd2 c5 14. a3 Bb7
15. e4 Ba8 16. Rac1 Rfd8 17. e5 Bxg2 18. Kxg2 Ng4 19. Rfe1 Nh6 20. Ne4 Nf5 21.
Red1 Rd5 22. Nc3 Rd4 23. Rxd4 cxd4 24. Ne4 h5 25. Rd1 Nc7 26. Ned6 Rd8 27. h3 a6
28. a4 Ne8 29. Nxe8 Rxe8 30. g4 Rc8 31. b3 hxg4 32. hxg4 Ne7 33. Rxd4 Nd5 34.
Kf3 g5 35. Ke2 Kg7 36. Kd2 Rb8 37. Kc2 Rh8 38. Ne3 Nf4 39. b4 Rh2 40. Rd2 Ng6
41. Nc4 f6 42. b5 axb5 43. axb5 Nxe5 44. Nxe5 fxe5 45. b6 e4 46. b7 Rh8 47. Kc3
Kf6 48. Rb2 Rb8 49. Kd4 Ke7 50. Kxe4 Kd6 51. Kd4 Kc6 52. Ke5 Kc7 53. Kxe6 Re8+
54. Kf6 Rg8 55. b8=Q+ Rxb8 56. Rxb8 Kxb8 57. Kxg5 Kc7 58. Kf6 Kd6 59. g5 Kd5 60.
g6 Ke4 61. g7 Kf3 62. g8=Q Kxf2 63. Qb3 Ke2 64. Ke5 Kd2 65. Ke4 Kc1 66. Qa2 Kd1
67. Kd3 1-0

[Event "1st Qinhuangdao Open"]
[Site "Qinhuangdao CHN"]
[Date "2011.10.05"]
[Round "7"]
[White "Zhou, Jianchao"]
[Black "Li, Chao b"]
[Result "1-0"]
[WhiteTitle "GM"]
[BlackTitle "GM"]
[WhiteElo "2628"]
[BlackElo "2710"]
[WhiteFideId "8603537"]
[BlackFideId "8604436"]
[EventDate "2011.10.01"]

1. d4 d5 2. c4 c6 3. Nc3 Nf6 4. Nb1 Ng8 5. Nc3 Nf6 6. e3 g6 7. Nf3 Bg7 8. Be2
O-O 9. O-O dxc4 10. Bxc4 Bg4 11. Be2 Nbd7 12. e4 Ne8 13. Be3 Nd6 14. Nd2 Bxe2
15. Qxe2 f5 16. exf5 Rxf5 17. Rad1 Qf8 18. Nb3 Qf7 19. Nc5 Nb6 20. g4 Rf3 21.
Ne6 h6 22. Kg2 Qxe6 23. Qxf3 Rf8 24. Qe2 Nd5 25. Bc1 Qf7 26. Nxd5 Qxd5+ 27. f3
Qxa2 28. Qxe7 Qd5 29. Rde1 Nb5 30. Qe6+ Qxe6 31. Rd1 Nd6 32. Rde1 Nb5 33. Rxe6
g5 34. Re7 Nxd4 35. Rxb7 Re8 36. f4 gxf4 37. Rxf4 Nb5 38. Rff7 Bf8 39. Rf6 Nd6
40. Rd7 Re2+ 41. Kf1 Rxh2 42. Rg6+ 1-0

[Event "1st Qinhuangdao Open"]
[Site "Qinhuangdao CHN"]
[Date "2011.10.05"]
[Round "7"]
[White "Ding, Liren"]
[Black "Lu, Yijie"]
[Result "1-0"]
[WhiteTitle "GM"]
[WhiteElo "2659"]
[BlackElo "2370"]
[WhiteFideId "8603677"]
[BlackFideId "8604525"]
[EventDate "2011.10.01"]

1. c4 g6 2. Nc3 Bg7 3. g3 Nf6 4. Bg2 O-O 5. Nf3 Nc6 6. O-O d6 7. Rb1 Bf5 8. d3
Qd7 9. b4 e5 10. b5 Nd8 11. Ba3 Re8 12. Ng5 h6 13. Nge4 Be6 14. Nxf6+ Bxf6 15.
c5 dxc5 16. Bxc5 Bg7 17. Be3 Bh3 18. Qb3 Bxg2 19. Kxg2 Ne6 20. Rfc1 Red8 21. Ne4
Nd4 22. Bxd4 exd4 23. Qc4 Rac8 24. Nc5 Qe7 25. Nxb7 Re8 26. Rc2 Rb8 27. Na5 Qa3
28. Nc6 Rb7 29. Qb4 Qxb4 30. Rxb4 Bf8 31. Rb3 Bg7 32. Kf1 Ra8 33. Na5 Rb6 34.
Rxc7 a6 35. a4 axb5 36. Nc4 Re6 37. Rxb5 Rxa4 38. Rb8+ Kh7 39. Rxf7 Rf6 40. Re7 1-0

[Event "1st Qinhuangdao Open"]
[Site "Qinhuangdao CHN"]
[Date "2011.10.05"]
[Round "7"]
[White "Wang, Chen"]
[Black "Pantsulaia, Levan"]
[Result "1/2-1/2"]
[WhiteTitle "IM"]
[BlackTitle "GM"]
[WhiteElo "2454"]
[BlackElo "2614"]
[WhiteFideId "8601020"]
[BlackFideId "13602071"]
[EventDate "2011.10.01"]

1. e4 c5 2. Nf3 e6 3. b3 d6 4. d4 cxd4 5. Nxd4 Nf6 6. Bd3 Nbd7 7. O-O a6 8. Bb2
Qc7 9. Nd2 g6 10. Qe2 Bg7 11. c4 O-O 12. Rfd1 b6 13. N4f3 Bb7 14. Rac1 Rfd8 15.
Bb1 Rac8 16. b4 Qb8 17. Nb3 Bh6 18. Rc3 Qa8 19. Nbd2 e5 20. Re1 Rc7 21. Rcc1 a5
22. a3 Rdc8 23. Qd3 axb4 24. axb4 b5 25. c5 dxc5 26. bxc5 Rxc5 27. Rxc5 Rxc5 28.
Nb3 Rc4 29. Nbd2 Bxd2 30. Nxd2 Rc5 31. Ba3 Rc8 32. Be7 Qa5 33. h3 Re8 34. Bd6
Qb6 35. Bb4 Rc8 36. Ba2 Nf8 37. Bb1 N8d7 38. Ba2 Nf8 39. Nf3 Rd8 40. Qc2 Ne6 41.
Nxe5 Qd4 42. Bc3 Rc8 43. Bxd4 Rxc2 44. Bxe6 fxe6 45. Rb1 Bxe4 46. Rxb5 Rc8 47.
Nxg6 Rc1+ 48. Kh2 Ng4+ 49. hxg4 hxg6 50. Rb8+ Kf7 51. Rh8 Rc4 52. Rh7+ Kg8 53.
Rg7+ Kf8 54. Bf6 Ra4 55. f3 Bd3 56. Rd7 Bf1 57. Rb7 Rc4 58. Rb1 Bd3 59. Rd1 Bc2
60. Rd7 Ba4 61. Rg7 Be8 62. Kg3 Bf7 63. Rh7 Rc2 64. Rh2 Be8 65. Kf4 Bb5 66. Kg5
Bd3 67. Rh8+ Kf7 68. Rh7+ Kf8 69. Be5 Ke8 70. Kf6 Rxg2 71. Re7+ Kd8 72. Rxe6 Bc2
73. Rb6 Kd7 74. Rb2 Kc6 75. f4 Kd5 76. g5 Rf2 77. Rb5+ Kc6 78. Rb8 Kd7 79. Rb7+
Ke8 80. Re7+ Kd8 81. Kf7 Bb3+ 82. Kf8 Bc2 83. Rc7 Bf5 84. Rc5 Be4 85. Rc4 Bf5
86. Rd4+ Kc8 87. Kg7 Ra2 88. Rd6 Ra7+ 89. Kh6 Rd7 90. Rxg6 Bxg6 91. Kxg6 Kd8 92.
f5 Ke8 93. Bg7 Rb7 94. f6 Ra7 95. Bh6 Rb7 96. Bg7 Ra7 97. Kh7 Kf7 98. g6+ Ke6
99. Kh6 Rb7 100. Bh8 Ra7 101. Bg7 1/2-1/2

[Event "1st Qinhuangdao Open"]
[Site "Qinhuangdao CHN"]
[Date "2011.10.05"]
[Round "7"]
[White "Nguyen, Ngoc Truong Son"]
[Black "Sandipan, Chanda"]
[Result "1-0"]
[WhiteTitle "GM"]
[BlackTitle "GM"]
[WhiteElo "2644"]
[BlackElo "2640"]
[WhiteFideId "12401110"]
[BlackFideId "5004225"]
[EventDate "2011.10.01"]

1. d4 d5 2. c4 c6 3. Nf3 Nf6 4. Nc3 e6 5. g3 dxc4 6. Bg2 b5 7. Ne5 a6 8. a4 Bb7
9. O-O Be7 10. Bg5 O-O 11. axb5 axb5 12. Rxa8 Bxa8 13. Qa1 Nbd7 14. Qa7 Nxe5 15.
dxe5 Nd5 16. Nxd5 Bxg5 17. Nb6 Qd4 18. Qa6 Qxb2 19. Nxa8 c3 20. Qxc6 b4 21. Nb6
c2 22. f4 Qd4+ 23. Kh1 Be7 24. Nd7 Rd8 25. Qxc2 Qxd7 26. Bc6 Qd4 27. Bg2 Qd7 28.
Bc6 Qd4 29. Rf3 Rc8 30. Qe4 Bc5 31. Qc2 Be7 32. Qe4 Bc5 33. Qxd4 Bxd4 34. Rd3
Bc3 35. Ba4 g6 36. Kg2 Ra8 37. Bb3 Ra7 38. Rd8+ Kg7 39. Rb8 Re7 40. Kf3 h5 41.
Ke4 Rd7 42. Kf3 Rc7 43. Kg2 Ra7 44. Bc4 Bd2 45. Kf2 Rc7 46. Bb3 h4 47. Rb5 h3
48. e4 Rc1 49. Rb7 Kf8 50. Rb8+ Kg7 51. Rb7 Rc6 52. f5 gxf5 53. exf5 exf5 54. e6
Bg5 55. e7 Rc8 56. Ba4 Bxe7 57. Rxe7 Rc1 58. Re1 Rc3 59. Rb1 Rc4 60. Bb5 Rc2+
61. Be2 Kf6 62. Rxb4 Kg5 63. Rh4 Rb2 64. Rxh3 f4 65. Rh5+ Kg6 66. g4 Rb3 67. Rf5
Rh3 68. Kg2 Re3 69. Bf3 Ra3 70. Rxf4 Ra5 71. h4 f6 72. Kg3 Ra3 73. Rb4 1-0

[Event "1st Qinhuangdao Open"]
[Site "Qinhuangdao CHN"]
[Date "2011.10.05"]
[Round "7"]
[White "Wu, Wenjin"]
[Black "Zhao, Jun"]
[Result "0-1"]
[WhiteTitle "GM"]
[BlackTitle "GM"]
[WhiteElo "2387"]
[BlackElo "2587"]
[WhiteFideId "8600716"]
[BlackFideId "8602522"]
[EventDate "2011.10.01"]

1. d4 Nf6 2. c4 g6 3. Nc3 Bg7 4. e4 d6 5. Bd3 O-O 6. Nge2 e5 7. d5 c5 8. h3 Na6
9. a3 Bd7 10. Bg5 Qe8 11. g4 Kh8 12. Ng3 Rb8 13. Be3 Qc8 14. f3 Nc7 15. b4 b5
16. bxc5 bxc4 17. Bxc4 dxc5 18. Rb1 Rxb1 19. Qxb1 Nce8 20. g5 Nh5 21. Nxh5 gxh5
22. Bb5 Nd6 23. Bxd7 Qxd7 24. Bxc5 Rc8 25. Bxd6 Qxd6 26. Ne2 Qxa3 27. Qb7 Rf8
28. Rf1 f6 29. h4 fxg5 30. hxg5 Qe3 31. Qc7 Qxg5 32. Rg1 Qf6 33. d6 Bh6 34. d7
Be3 35. Rg7 Bb6 36. d8=Q Rxd8 37. Rxh7+ Kg8 38. Qe7 Qg6 0-1

[Event "1st Qinhuangdao Open"]
[Site "Qinhuangdao CHN"]
[Date "2011.10.05"]
[Round "7"]
[White "Liu, Qingnan"]
[Black "Bu, Xiangzhi"]
[Result "0-1"]
[WhiteTitle "IM"]
[BlackTitle "GM"]
[WhiteElo "2430"]
[BlackElo "2666"]
[WhiteFideId "8603294"]
[BlackFideId "8601445"]
[EventDate "2011.10.01"]

1. e4 c5 2. Nf3 Nc6 3. d4 cxd4 4. Nxd4 g6 5. c4 Nf6 6. Nc3 d6 7. Be2 Nxd4 8.
Qxd4 Bg7 9. Bg5 O-O 10. Qd2 a5 11. Bh6 a4 12. Bxg7 Kxg7 13. Qd4 Qa5 14. O-O Qa7
15. Qxa7 Rxa7 16. b4 a3 17. f3 Be6 18. Rfc1 Rc8 19. Nd5 b5 20. Nxf6 Kxf6 21.
cxb5 Rxc1+ 22. Rxc1 Ra4 23. Rc3 Bxa2 24. Bd1 Rxb4 25. Rxa3 Bc4 26. Ra4 Rb1 27.
Rxc4 Rxd1+ 28. Kf2 Rd2+ 29. Kg3 Rb2 30. Rc7 Rxb5 31. h4 Ke6 32. Kf4 f5 33. exf5+
Rxf5+ 34. Ke3 h5 35. Rc8 Rc5 36. Rg8 Kf7 37. Rd8 Rc2 38. g4 Rh2 39. Kf4 Rxh4 40.
Rh8 Rh3 41. Rh7+ Kf8 42. g5 Rh1 43. Kg3 Rg1+ 44. Kh4 Re1 45. Rh8+ Kg7 46. Rd8
Ra1 47. Kg3 Ra5 48. f4 Kf7 49. Rb8 Ra3+ 50. Kg2 Ke6 51. Rf8 h4 52. Kh2 Rg3 53.
Rh8 Kf5 54. Rxh4 Re3 55. Kg2 Re4 0-1

[Event "1st Qinhuangdao Open"]
[Site "Qinhuangdao CHN"]
[Date "2011.10.05"]
[Round "7"]
[White "Yu, Ruiyuan"]
[Black "Wen, Yang"]
[Result "1-0"]
[BlackTitle "GM"]
[WhiteElo "2428"]
[BlackElo "2547"]
[WhiteFideId "8603090"]
[BlackFideId "8602956"]
[EventDate "2011.10.01"]

1. e4 c5 2. Nf3 Nc6 3. d4 cxd4 4. Nxd4 Qc7 5. Nc3 e6 6. Be2 a6 7. O-O Nf6 8. Be3
Bb4 9. Na4 Bd6 10. g3 b5 11. Nb6 Rb8 12. Nxc8 Rxc8 13. a4 Nxd4 14. Bxd4 e5 15.
Be3 Bc5 16. axb5 Bxe3 17. fxe3 axb5 18. Bxb5 O-O 19. Bd3 Qb6 20. Qc1 Ra8 21.
Rxa8 Rxa8 22. b3 Qb7 23. Qd1 Nxe4 24. Rf5 d6 25. Qf3 Nc5 26. Qxb7 Nxb7 27. Be4
Ra7 28. Bd5 Nc5 29. Rf1 Kf8 30. b4 Na6 31. b5 Nc5 32. b6 Rd7 33. Ra1 Ke7 34. Ra7 1-0

[Event "1st Qinhuangdao Open"]
[Site "Qinhuangdao CHN"]
[Date "2011.10.05"]
[Round "7"]
[White "Xiu, Deshun"]
[Black "Ma, Zhonghan"]
[Result "1/2-1/2"]
[WhiteTitle "GM"]
[WhiteElo "2540"]
[BlackElo "2394"]
[WhiteFideId "8603693"]
[BlackFideId "8607206"]
[EventDate "2011.10.01"]

1. d4 d5 2. c4 c6 3. Nf3 Nf6 4. Nc3 dxc4 5. a4 Bf5 6. Ne5 Nbd7 7. Nxc4 Nb6 8.
Ne5 a5 9. e3 g6 10. Bd3 Bxd3 11. Nxd3 Bg7 12. Qb3 O-O 13. O-O Nfd7 14. Ne2 e5
15. Nxe5 Nxe5 16. dxe5 Bxe5 17. e4 Qc7 18. f4 Bg7 19. Be3 Nc8 20. Rac1 Re8 21.
Ng3 Qe7 22. Bc5 Qe6 23. Qxb7 Nd6 24. Bxd6 Qxd6 25. Qxc6 Qxc6 26. Rxc6 Bd4+ 27.
Kh1 Bxb2 28. Rf2 Bd4 29. Rf1 Rec8 30. Rd6 Rc4 31. e5 Rxa4 32. Ne2 Bb2 33. Rb6
Rb4 34. Rxb4 axb4 35. Rb1 Ra2 36. Kg1 Bxe5 37. fxe5 Rxe2 38. Rxb4 Rxe5 39. Kf2
h5 40. h4 Kg7 41. g3 Kf6 42. Kf3 Rf5+ 43. Kg2 Ra5 44. Kf3 Re5 45. Ra4 Kf5 46.
Rf4+ Ke6 47. Ra4 f6 48. Rb4 Ra5 49. Re4+ Kf7 50. Rb4 Ke6 51. Re4+ Re5 52. Ra4 g5
53. hxg5 fxg5 54. Ra8 Rb5 55. Rh8 Rb3+ 56. Kg2 Kf5 57. Ra8 Rb2+ 58. Kf3 Rb3+ 59.
Kg2 Rb4 60. Ra2 Kg4 61. Rc2 Ra4 62. Rb2 h4 63. gxh4 Kxh4 64. Rc2 g4 65. Rb2 Ra3
66. Rc2 1/2-1/2

[Event "1st Qinhuangdao Open"]
[Site "Qinhuangdao CHN"]
[Date "2011.10.05"]
[Round "7"]
[White "Wang, Yu A."]
[Black "Gundavaa, Bayarsaikhan"]
[Result "0-1"]
[WhiteTitle "IM"]
[BlackTitle "IM"]
[WhiteElo "2360"]
[BlackElo "2467"]
[WhiteFideId "8601097"]
[BlackFideId "4901045"]
[EventDate "2011.10.01"]

1. e4 c5 2. Nf3 d6 3. d4 cxd4 4. Nxd4 Nf6 5. Nc3 a6 6. Be3 e5 7. Nb3 Be6 8. f4
exf4 9. Bxf4 Nc6 10. Qd2 d5 11. O-O-O Nxe4 12. Nxe4 dxe4 13. Qe3 Qf6 14. Qxe4
Be7 15. Bd3 Nb4 16. Be5 Qg5+ 17. Bf4 Qd5 18. Qxd5 Nxd5 19. Bd2 O-O-O 20. Nd4 Bg4
21. Bf5+ Bxf5 22. Nxf5 Bf6 23. c4 Ne7 24. Nxe7+ Bxe7 25. Bc3 Rhe8 26. Rxd8+ Bxd8
27. Re1 Rxe1+ 28. Bxe1 f5 29. Kc2 Kd7 30. Kd3 h5 31. a4 g5 32. b4 Bc7 33. h3 Ke6
34. a5 g4 35. hxg4 hxg4 36. Ke3 Be5 37. g3 Kd6 38. Kd3 Kc6 39. Bf2 Bd6 40. Kc3
f4 41. gxf4 Bxf4 42. Bg1 Bd6 43. Kb3 Bg3 44. Ka4 Be1 45. b5+ Kd7 46. c5 g3 47.
c6+ bxc6 48. bxa6 Kc8 49. a7 Kb7 50. a6+ Ka8 0-1

[Event "1st Qinhuangdao Open"]
[Site "Qinhuangdao CHN"]
[Date "2011.10.05"]
[Round "7"]
[White "Wan, Yunguo"]
[Black "Tan, Zhongyi"]
[Result "1-0"]
[BlackTitle "WGM"]
[WhiteElo "2459"]
[BlackElo "2429"]
[WhiteFideId "8603189"]
[BlackFideId "8603642"]
[EventDate "2011.10.01"]

1. e4 d6 2. d4 Nf6 3. Nc3 g6 4. Nf3 Bg7 5. h3 c6 6. a4 a5 7. Be2 O-O 8. O-O Na6
9. Be3 Nb4 10. Nd2 e5 11. dxe5 dxe5 12. Bc5 Re8 13. Nc4 Qxd1 14. Raxd1 Bf8 15.
Bxf8 Kxf8 16. f4 Be6 17. Nd6 Re7 18. f5 gxf5 19. exf5 Bd5 20. Nxd5 Nbxd5 21. Rf3
e4 22. Rb3 b6 23. Nc4 Nd7 24. Ne3 Nxe3 25. Rxe3 Nc5 26. b3 Re5 27. Rd6 Rc8 28.
c4 Ree8 29. Rg3 Ke7 30. Rh6 Rg8 31. Rxg8 Rxg8 32. Rxc6 Rb8 33. Bg4 Nxb3 34. f6+
Ke8 35. Rc7 Nc5 36. Kf2 Rd8 37. Bh5 Rd2+ 38. Ke3 Rd3+ 39. Kf4 Ne6+ 40. Kxe4 Nxc7
41. Kxd3 Ne6 42. Bd1 Kd8 43. Ke4 Kc7 44. Kd5 Nf4+ 45. Ke4 Ne6 46. Ke5 Nc5 47. g4
Nd7+ 48. Kf5 Kd6 49. g5 Nc5 50. h4 Ne6 51. Bh5 Nd8 52. Bxf7 Nxf7 53. h5 Kd7 54.
g6 Nd8 55. g7 Nf7 56. g8=Q Nh6+ 57. Ke4 1-0

[Event "1st Qinhuangdao Open"]
[Site "Qinhuangdao CHN"]
[Date "2011.10.05"]
[Round "7"]
[White "Hoang, Thi Bao Tram"]
[Black "Ganguly, Surya Shekhar"]
[Result "0-1"]
[WhiteTitle "WGM"]
[BlackTitle "GM"]
[WhiteElo "2331"]
[BlackElo "2631"]
[WhiteFideId "12401102"]
[BlackFideId "5002150"]
[EventDate "2011.10.01"]

1. d4 Nf6 2. Bf4 g6 3. e3 Bg7 4. Nd2 d6 5. Ngf3 Nbd7 6. Be2 b6 7. c3 Bb7 8. h3
a6 9. O-O O-O 10. Qb3 Ra7 11. Rfd1 c5 12. a4 Qa8 13. Bh2 h6 14. Qa3 Ne4 15. Bf1
Rc8 16. Nxe4 Bxe4 17. Nd2 Bc6 18. Nb3 Qb7 19. Rd2 Raa8 20. Rad1 c4 21. Na1 Nf6
22. Nc2 Qd7 23. Ra1 Ne4 24. Rdd1 Nxf2 25. Rdc1 Qf5 26. Ne1 h5 27. Bf4 e5 0-1

[Event "1st Qinhuangdao Open"]
[Site "Qinhuangdao CHN"]
[Date "2011.10.05"]
[Round "7"]
[White "Pham, Le Thao Nguyen"]
[Black "Li, Shilong"]
[Result "0-1"]
[WhiteTitle "WGM"]
[BlackTitle "GM"]
[WhiteElo "2362"]
[BlackElo "2519"]
[WhiteFideId "12401226"]
[BlackFideId "8600678"]
[EventDate "2011.10.01"]

1. Nf3 Nf6 2. c4 g6 3. b3 Bg7 4. Bb2 O-O 5. g3 d6 6. d4 c5 7. Bg2 Nc6 8. O-O
cxd4 9. Nxd4 Bd7 10. Nc3 Rb8 11. Qd2 a6 12. Rfd1 Re8 13. Rac1 Qa5 14. Nd5 Qd8
15. Nc3 Qa5 16. Nd5 Qxd2 17. Nxf6+ Bxf6 18. Rxd2 Nxd4 19. Bxd4 Bxd4 20. Rxd4
Rec8 21. Rd2 Rc7 22. Be4 Rcc8 23. Bg2 Rc7 24. Be4 Rbc8 25. Rdc2 a5 26. Bd3 Kg7
27. f3 f5 28. Kf2 Kf6 29. a3 b6 30. Ke3 g5 31. b4 Be6 32. Kd2 h6 33. Rc3 Bf7 34.
R3c2 e5 35. Rc3 axb4 36. axb4 Ra7 37. c5 bxc5 38. bxc5 Ra2+ 39. Ke1 d5 40. c6 e4
41. fxe4 fxe4 42. Bb1 Rb2 43. c7 Ke5 44. Bc2 Be8 45. Bd1 Bb5 46. Rc5 Kd4 47. Kf2
Bc4 48. Rc6 e3+ 49. Ke1 h5 50. Bc2 Rb7 51. Bg6 Rcxc7 52. Rf6 Rb2 53. Rc6 Rbb7
54. Rf6 Rb2 55. Bc2 Rbb7 56. Bg6 Rb2 57. Bc2 Bxe2 58. h4 Rcxc2 59. Rxc2 Rxc2 60.
hxg5 Kd3 0-1

[Event "1st Qinhuangdao Open"]
[Site "Qinhuangdao CHN"]
[Date "2011.10.05"]
[Round "7"]
[White "Lou, Yiping"]
[Black "Munkhgal, Gombosuren"]
[Result "1-0"]
[WhiteTitle "IM"]
[BlackTitle "FM"]
[WhiteElo "2433"]
[BlackElo "2348"]
[WhiteFideId "8603928"]
[BlackFideId "4901266"]
[EventDate "2011.10.01"]

1. d4 Nf6 2. c4 e6 3. Nc3 d5 4. Nf3 Bb4 5. cxd5 exd5 6. Ng1 Bf8 7. Nf3 Bb4 8.
Ng1 Bf8 9. Nf3 Bb4 10. Bg5 h6 11. Bxf6 Qxf6 12. e3 O-O 13. Qb3 c5 14. a3 Bxc3+
15. Qxc3 b6 16. Be2 Ba6 17. dxc5 Qxc3+ 18. bxc3 bxc5 19. Rd1 Rd8 20. c4 d4 21.
exd4 Re8 22. Ne5 cxd4 23. f4 Nd7 24. Nxd7 Bxc4 25. Rd2 d3 26. Ne5 Rxe5 27. fxe5
dxe2 28. Rd4 Rb8 29. Kf2 Rb2 30. Re1 Rc2 31. Rd7 a6 32. Rc7 Kh7 33. Rd7 Kg8 34.
Rc7 Kh7 35. Rc5 a5 36. Ke3 Kg6 37. Kd4 Bb3 38. Rxc2 Bxc2 39. Ke3 Bb3 40. Kd4 Bc2
41. Rxe2 Bb3 42. Rf2 a4 43. Kc5 Kh7 44. Kb5 Kg6 45. Rf4 h5 46. h4 Bc2 47. Rxa4
Kf5 48. Ra7 Bb3 49. Re7 Kg4 50. a4 Kxh4 51. a5 Kg5 52. Kc5 1-0

[Event "1st Qinhuangdao Open"]
[Site "Qinhuangdao CHN"]
[Date "2011.10.05"]
[Round "7"]
[White "Zhang, Hanyu"]
[Black "Gao, Rui"]
[Result "1/2-1/2"]
[BlackTitle "IM"]
[WhiteElo "2102"]
[BlackElo "2424"]
[WhiteFideId "8607974"]
[BlackFideId "8602387"]
[EventDate "2011.10.01"]

1. d4 Nf6 2. c4 g6 3. Nf3 Bg7 4. g3 d5 5. cxd5 Nxd5 6. Bg2 Nb6 7. O-O Nc6 8. e3
O-O 9. Bd2 Bf5 10. Bc3 Nd5 11. Re1 e5 12. Nxe5 Nxe5 13. dxe5 Nxc3 14. Nxc3 Qxd1
15. Raxd1 Bxe5 16. Rd2 Rad8 17. Red1 Rxd2 18. Rxd2 Bxc3 19. bxc3 b6 20. e4 Be6
21. f4 f6 22. Kf2 Kf7 23. Bf3 Ke7 24. g4 g5 25. f5 Bf7 26. Ke3 Rd8 27. Kf2 Rf8
28. Ke3 Rd8 29. Rxd8 Kxd8 30. e5 fxe5 31. Ke4 Ke7 32. Kxe5 Bxa2 33. Bd5 Bb1 34.
Be4 Bxe4 35. Kxe4 b5 36. Kd5 a5 37. Kc5 c6 38. Kd4 Kd6 39. Kd3 Ke5 40. Kc2 Kd5
41. Kb3 h6 42. Ka3 Kd6 43. Kb3 Ke5 44. Ka3 c5 45. Kb3 c4+ 46. Ka3 Kd5 47. Kb2
Kd6 48. Ka3 Kc5 49. Kb2 Kd5 50. Ka3 Kd6 51. Kb2 Kc5 52. Ka2 b4 53. Kb2 Kd5 54.
Kc2 Kd6 55. Kb2 Ke5 56. Kc2 Kd5 57. Kb2 Kc5 58. Ka2 Kd5 59. Kb2 Kd6 60. Kc2 Ke5
61. Kb2 Kd5 62. Kc2 Kc5 63. h3 bxc3 64. Kxc3 a4 65. Kb2 Kd5 66. Kc2 Kc5 67. Kb2
Kd5 68. Kc2 a3 69. Kc3 Ke5 70. Kc2 h5 71. Kc3 h4 72. Kc2 Kd6 73. Kc3 Kd5 74. Kc2
Kd4 75. f6 a2 76. Kb2 c3+ 77. Kxa2 Kd3 78. f7 c2 79. f8=Q c1=Q 80. Qf5+ Ke2 81.
Kb3 Qe3+ 82. Kb4 Ke1 83. Ka4 Ke2 84. Kb4 Qf4+ 85. Qxf4 gxf4 86. g5 f3 87. g6 f2
88. g7 f1=Q 89. g8=Q Qxh3 90. Qa2+ Kf1 91. Qc4+ Ke1 92. Qc1+ Ke2 93. Qc2+ Ke1
94. Qc1+ Kf2 95. Qd2+ Kg1 96. Qe1+ Kg2 97. Qe2+ Kh1 98. Qe1+ Kh2 99. Qf2+ Qg2
100. Qxh4+ Qh3 101. Qxh3+ Kxh3 1/2-1/2

[Event "1st Qinhuangdao Open"]
[Site "Qinhuangdao CHN"]
[Date "2011.10.05"]
[Round "7"]
[White "Zhang, Ziyang"]
[Black "Xu, Jialun"]
[Result "1/2-1/2"]
[WhiteTitle "IM"]
[WhiteElo "2414"]
[BlackElo "2078"]
[WhiteFideId "8601682"]
[BlackFideId "8607354"]
[EventDate "2011.10.01"]

1. Nf3 f5 2. c4 Nf6 3. Nc3 d6 4. d4 g6 5. g3 Bg7 6. Bg2 O-O 7. O-O c6 8. b4 Qe8
9. b5 Ne4 10. Bb2 Nxc3 11. Bxc3 cxb5 12. cxb5 Qxb5 13. a4 Qe8 14. Rb1 d5 15. Ne5
e6 16. Bb4 Rf6 17. g4 fxg4 18. e4 dxe4 19. Qxg4 Nc6 20. Qxe4 Bd7 21. Nxd7 Qxd7
22. d5 Nxb4 23. dxe6 Rxe6 24. Qxb7 Qxb7 25. Bxb7 Rd8 26. Rxb4 Rb6 27. Rxb6 axb6
28. Kg2 Kf8 29. Re1 Kg8 30. Rf1 Kf8 31. Re1 Bd4 32. Bc6 Kf7 33. Bb5 1/2-1/2

[Event "1st Qinhuangdao Open"]
[Site "Qinhuangdao CHN"]
[Date "2011.10.05"]
[Round "7"]
[White "Wang, Jue"]
[Black "Wang, Rui"]
[Result "1/2-1/2"]
[BlackTitle "GM"]
[WhiteElo "2312"]
[BlackElo "2432"]
[WhiteFideId "8604070"]
[BlackFideId "8601003"]
[EventDate "2011.10.01"]

1. e4 e5 2. Nf3 Nc6 3. Bb5 Nf6 4. O-O Nxe4 5. Re1 Nd6 6. Rf1 Ne4 7. Re1 Nd6 8.
Nxe5 Nxe5 9. Rxe5+ Be7 10. Bf1 O-O 11. d4 Ne8 12. d5 d6 13. Re1 Nf6 14. Bf4 Ne8
15. Bc1 Nf6 16. Bf4 Bf5 17. c4 Nd7 18. Nc3 Bf6 19. Qd2 Nc5 20. Rad1 a5 21. b3
Qd7 22. Nb5 Bg6 23. f3 b6 24. Re3 Rae8 25. Rde1 Rxe3 26. Qxe3 h6 27. g3 Bc2 28.
h4 Qc8 29. Na7 Qa8 30. Nc6 Bf5 31. g4 Bd7 32. g5 Re8 33. Qd2 Rxe1 34. Qxe1 hxg5
35. hxg5 Bb2 36. Qd2 Ba1 37. Qc1 Bxc6 38. Qxa1 Bd7 39. Qc3 Qe8 40. a3 Bf5 41. b4
axb4 42. axb4 Nd7 43. Qe3 Qd8 44. Bg3 Nf8 45. Be1 Nh7 46. Bd2 f6 47. Qf4 Qd7 48.
gxf6 Nxf6 49. Bc3 Kf7 50. Kf2 Kg6 51. Qg3+ Kf7 52. Qg5 Bg6 53. Qf4 Qf5 54. Qxf5
Bxf5 55. Ke3 b5 56. Kd4 bxc4 57. Bxc4 Bh3 58. Ke3 Bf5 59. Kd4 Bh3 60. Bd2 Bg2
61. Ke3 Nd7 62. Be2 Bh3 63. Kd4 Kf6 64. f4 Nb6 65. Bb5 Bd7 66. Bd3 Bf5 67. Bb5 1/2-1/2